00525nai a2200145Ia 4500003000900000008004100009022002300050040001600073245006900089260002600158310001200184362002400196521006900220856009000289IN-BaIIA211028c9999 xx s 000 0 eng d a1364-6826 (Online) cIIA Library 0aJournal of Atmospheric and Solar-Terrestrial Physicsh[eJournal] aOxford, U.KbPergamon a15/year a59; 1998 - Present  bSubscribed through National Knowledge Resource Consortium (NKRC) uhttps://www.sciencedirect.com/science/journal/13646826yClick Here to Access eJournal